000 02026cad a22002655a 4500
001 L149282
008 100217s2010 xxk f 000 0 eng d
035 _a(Sirsi) u149282
041 0 _aeng
100 1 _aGunne-Jones, Alan
245 0 0 _aPlanning to appeal
_h[electronic resource]
260 _c2010
490 _aRICS Residential Property Journal
_vJan-Feb 2010, 10-11(2)
520 _aThe costs of appeals against a refusal of planning permission, or the failure of a local planning authority (LPA) to determine a planning application within the prescribed timescale, has now been clarified and updated and a new costs circular issued (Circular 03/2009 Costs Awards in Appeals and other Planning Proceedings), on 6 April 2009 [see L147188]. It is now possible to apply for an award of costs against the LPA in all appeals, whether they have been processed by written representations, informal hearings or inquiry. Equally, the LPA may seek an award of costs against the appellant. Previously, an award of costs could be sought only when an appeal was processed by hearing or inquiry. An award of costs can also now be sought at all stages in the appeals process, even if the appeal is withdrawn before being determined. An award of costs is usually made if one of the parties to the appeal has behaved unreasonably. The previous costs circular 8/93 has been cancelled. A copy of the new costs circular can be accessed online at www.communities.gov.uk
590 _aKA
650 2 4 _aCIRCULAR 03/2009
650 2 4 _aTOWN AND COUNTRY PLANNING ACT 1990
650 2 4 _aPLANNING (LISTED BUILDINGS AND CONSERVATION AREAS) ACT 1990
650 2 4 _aPLANNING (HAZARDOUS SUBSTANCES) ACT 1990
650 2 4 _aPLANNING AND COMPULSORY PURCHASE ACT 2004
651 4 _aEngland and Wales
_y1543-
690 _aENVIRONMENTAL AND LAND CONSULTANCY-PLANNING AND DEVELOPMENT-PLANNING GUIDANCE
856 4 0 _uhttps://www.rics.org/site/download_feed.aspx?fileID=5567
_zView this item (member-only access) at www.rics.org
942 _n0
999 _c82109
_d82109